ბათუმის შოთა რუსთაველის სახელმწიფო უნივერსიტეტის ბიბლიოთეკა

მხოლოდ ახალი, მხოლოდ რჩეული : [ლექსები]. (ბიბ.ჩანაწერი № 50982)

000 -LEADER
fixed length control field 01250nam a2200253Ia 4500
001 - CONTROL NUMBER
control field 17939
003 - CONTROL NUMBER IDENTIFIER
control field GE_BSU
008 - FIXED-LENGTH DATA ELEMENTS--GENERAL INFORMATION
fixed length control field 181216s||||||||xx |||||||||||||| ||und||
040 ## - CATALOGING SOURCE
Transcribing agency GE_BSU
080 ## - UNIVERSAL DECIMAL CLASSIFICATION NUMBER
Universal Decimal Classification number 821.353.1-1
100 ## - MAIN ENTRY--PERSONAL NAME
Personal name კალაძე,კარლო
245 ## - TITLE STATEMENT
Title მხოლოდ ახალი, მხოლოდ რჩეული : [ლექსები].
245 ## - TITLE STATEMENT
Remainder of title ჩემი დღისა და ღამის წიგნი
245 ## - TITLE STATEMENT
Statement of responsibility, etc. რედ.თ.დაუშვილი. მხატვ. ნ. ბურჯანაძე
260 ## - PUBLICATION, DISTRIBUTION, ETC.
Place of publication, distribution, etc. თბილისი
260 ## - PUBLICATION, DISTRIBUTION, ETC.
Name of publisher, distributor, etc. საბჭ. საქართველო
260 ## - PUBLICATION, DISTRIBUTION, ETC.
Date of publication, distribution, etc. 1976
300 ## - PHYSICAL DESCRIPTION
Extent 302გვ.23სმ.
653 ## - INDEX TERM--UNCONTROLLED
Uncontrolled term ლექსები
653 ## - INDEX TERM--UNCONTROLLED
Uncontrolled term მხოლოდ ახალი, მხოლოდ რჩეული
653 ## - INDEX TERM--UNCONTROLLED
Uncontrolled term ჩემი დღისა და ღამის წიგნი
653 ## - INDEX TERM--UNCONTROLLED
Uncontrolled term ჩემი დღისა და ღამის წიგნი; ყოველი დღე და ყოველი წუთი; ნოველები; ფიქრი გზადაგზა; ათი საათი პარიზის დროით; ფიქრები
942 ## - ADDED ENTRY ELEMENTS (KOHA)
Koha item type წიგნი
ეგზემპლარები
Withdrawn status Lost status Damaged status Not for loan Date acquired Barcode Date last seen Price effective from Koha item type
        2018-12-17 22401 2018-12-17 2018-12-17 წიგნი
        2018-12-17 22400 2018-12-17 2018-12-17 წიგნი